000 nam a22 7a 4500
999 _c7171
_d7171
008 170725b xxu||||| |||| 00| 0 eng d
100 _93747
_aHolt A Jack
245 _aCases and applications in lotus 1-2-3
260 _aNew Delhi
_bGalgotia Publication
_c1991